000 00499nam a22001817a 4500
005 20200517132405.0
008 200517b xxu||||| |||| 00| 0 eng d
020 _a9788123922430
041 _aeng
082 _a615 KAM
100 _aKAMALAKANNAN P
_95404
245 _aTextbook of pharmacology for nurses and allied health sciences
_cP Kamalakannan
250 _a1'st
260 _aNew Delhi
_bCBS Publishers and distributors
_c2019
300 _a383
650 _aPharmacy
_95405
942 _cBK
999 _c6218
_d6216